<?xml version="1.0" encoding="UTF-8"?>
<resp>
  <nextPage>https://data.bn.org.pl/api/networks/bibs.marcxml?marc=001+b0000002576411&amp;sinceId=2576412</nextPage>
  <collection>
    <record xmlns='http://www.loc.gov/MARC21/slim'><leader>03061nam a2200877 i 4500</leader><controlfield tag='001'>b0000002576411</controlfield><controlfield tag='005'>20260324093452.2</controlfield><controlfield tag='008'>110117s2010    pl a   a     |000 j pol  </controlfield><controlfield tag='009'>9910453931305606</controlfield><datafield ind1=' ' ind2=' ' tag='015'><subfield code='a'>UWD 2011/1986</subfield></datafield><datafield ind1=' ' ind2=' ' tag='020'><subfield code='a'>9788376269580</subfield><subfield code='q'>(oprawa twarda)</subfield></datafield><datafield ind1=' ' ind2=' ' tag='035'><subfield code='a'>991004109589705066</subfield></datafield><datafield ind1=' ' ind2=' ' tag='035'><subfield code='a'>(PL-WaBN)b25764111-48omnis_nlop</subfield></datafield><datafield ind1=' ' ind2=' ' tag='035'><subfield code='a'>b25764111</subfield></datafield><datafield ind1=' ' ind2=' ' tag='035'><subfield code='a'>(OCoLC)833653917</subfield></datafield><datafield ind1=' ' ind2=' ' tag='035'><subfield code='a'>(PL)b0000002576411</subfield></datafield><datafield ind1=' ' ind2=' ' tag='040'><subfield code='a'>WA N</subfield><subfield code='c'>WA N</subfield><subfield code='d'>KIEL W</subfield><subfield code='d'>WA N</subfield></datafield><datafield ind1='1' ind2=' ' tag='041'><subfield code='a'>pol</subfield><subfield code='h'>fre</subfield></datafield><datafield ind1=' ' ind2=' ' tag='046'><subfield code='k'>2010</subfield></datafield><datafield ind1=' ' ind2=' ' tag='080'><subfield code='a'>821.133.1-93</subfield></datafield><datafield ind1='1' ind2=' ' tag='100'><subfield code='a'>Bordoni, Chiara</subfield><subfield code='e'>Autor</subfield></datafield><datafield ind1='1' ind2='0' tag='245'><subfield code='a'>Mój sen o... koniku /</subfield><subfield code='c'>pomysł: Nathalie Bélineau ; rysunki: Chiara Bordoni, tekst: Émilie Beaumont ; [tłumaczenie: Ewa Ziółkowska-Darmas].</subfield></datafield><datafield ind1='1' ind2=' ' tag='246'><subfield code='i'>Tytuł oryginału:</subfield><subfield code='a'>Mon rêve de cavalière,</subfield><subfield code='f'>2009</subfield></datafield><datafield ind1=' ' ind2=' ' tag='260'><subfield code='a'>Ożarów Mazowiecki :</subfield><subfield code='b'>Wydawnictwo Olesiejuk,</subfield><subfield code='c'>© 2010.</subfield></datafield><datafield ind1=' ' ind2=' ' tag='300'><subfield code='a'>[14] stron :</subfield><subfield code='b'>ilustracje ;</subfield><subfield code='c'>17 cm.</subfield></datafield><datafield ind1=' ' ind2=' ' tag='336'><subfield code='a'>Tekst</subfield><subfield code='b'>txt</subfield><subfield code='2'>rdacontent</subfield></datafield><datafield ind1=' ' ind2=' ' tag='337'><subfield code='a'>Bez urządzenia pośredniczącego</subfield><subfield code='b'>n</subfield><subfield code='2'>rdamedia</subfield></datafield><datafield ind1=' ' ind2=' ' tag='338'><subfield code='a'>Wolumin</subfield><subfield code='b'>nc</subfield><subfield code='2'>rdacarrier</subfield></datafield><datafield ind1=' ' ind2=' ' tag='380'><subfield code='a'>Książki</subfield></datafield><datafield ind1=' ' ind2=' ' tag='380'><subfield code='a'>Proza</subfield></datafield><datafield ind1=' ' ind2=' ' tag='385'><subfield code='m'>Grupa wiekowa</subfield><subfield code='a'>Dzieci</subfield></datafield><datafield ind1=' ' ind2=' ' tag='385'><subfield code='m'>Grupa wiekowa</subfield><subfield code='a'>0-5 lat</subfield></datafield><datafield ind1=' ' ind2=' ' tag='386'><subfield code='m'>Przynależność kulturowa</subfield><subfield code='a'>Literatura francuska</subfield></datafield><datafield ind1='1' ind2=' ' tag='388'><subfield code='a'>2001-</subfield></datafield><datafield ind1=' ' ind2=' ' tag='500'><subfield code='a'>Oznaczono jako 2.</subfield></datafield><datafield ind1=' ' ind2='7' tag='650'><subfield code='a'>Konie</subfield><subfield code='2'>DBN</subfield></datafield><datafield ind1=' ' ind2='7' tag='650'><subfield code='a'>Sen</subfield><subfield code='2'>DBN</subfield></datafield><datafield ind1=' ' ind2='7' tag='655'><subfield code='a'>Opowiadania i nowele</subfield><subfield code='2'>DBN</subfield></datafield><datafield ind1='1' ind2=' ' tag='700'><subfield code='a'>Beaumont, Émilie</subfield><subfield code='d'>(1948- )</subfield></datafield><datafield ind1='1' ind2=' ' tag='700'><subfield code='a'>Bélineau, Nathalie</subfield><subfield code='e'>Opracowanie</subfield></datafield><datafield ind1='1' ind2=' ' tag='700'><subfield code='a'>Ziółkowska-Darmas, Ewa</subfield><subfield code='e'>Tłumaczenie</subfield></datafield><datafield ind1='2' ind2=' ' tag='710'><subfield code='a'>Wydawnictwo Olesiejuk</subfield><subfield code='e'>Wydawca</subfield><subfield code='4'>pbl</subfield></datafield><datafield ind1=' ' ind2=' ' tag='852'><subfield code='8'>226013230007912</subfield><subfield code='j'>1</subfield><subfield code='b'>PAR_3_3</subfield><subfield code='p'>122000090635</subfield><subfield code='c'>F_JEZIO_KS</subfield></datafield><datafield ind1=' ' ind2=' ' tag='852'><subfield code='8'>226552300007912</subfield><subfield code='j'>1</subfield><subfield code='b'>PAR_3_2</subfield><subfield code='p'>121000150714</subfield><subfield code='c'>F_DZIAL_KS</subfield></datafield><datafield ind1=' ' ind2=' ' tag='852'><subfield code='8'>227398300007907</subfield><subfield code='j'>1</subfield><subfield code='b'>OPO_3_1</subfield><subfield code='p'>L07584</subfield><subfield code='c'>WYP-WD</subfield></datafield><datafield ind1=' ' ind2=' ' tag='852'><subfield code='8'>22800079430008210</subfield><subfield code='j'>1</subfield><subfield code='b'>F13</subfield><subfield code='p'>10527811</subfield><subfield code='c'>UBYTKI_F13</subfield></datafield><datafield ind1=' ' ind2=' ' tag='852'><subfield code='8'>2281944700007662</subfield><subfield code='j'>0</subfield><subfield code='b'>54</subfield><subfield code='p'>4001146072</subfield><subfield code='c'>U54</subfield></datafield><datafield ind1=' ' ind2=' ' tag='852'><subfield code='8'>22541868340005066</subfield><subfield code='j'>1</subfield><subfield code='h'>2.721.356</subfield><subfield code='b'>BN_PL</subfield><subfield code='p'>30001013043337</subfield><subfield code='c'>bk8</subfield></datafield><datafield ind1=' ' ind2=' ' tag='852'><subfield code='8'>22541868320005066</subfield><subfield code='j'>1</subfield><subfield code='h'>2.366.959 A</subfield><subfield code='b'>BN_PL</subfield><subfield code='p'>30001013043320</subfield><subfield code='c'>bk1</subfield></datafield><datafield ind1=' ' ind2=' ' tag='852'><subfield code='b'>48OMNIS_PAR</subfield><subfield code='8'>991000059329807912</subfield></datafield><datafield ind1=' ' ind2=' ' tag='852'><subfield code='b'>48OMNIS_OPO</subfield><subfield code='8'>9919091007907</subfield></datafield><datafield ind1=' ' ind2=' ' tag='852'><subfield code='b'>48OMNIS_MBPG</subfield><subfield code='8'>991000364649708210</subfield></datafield><datafield ind1=' ' ind2=' ' tag='852'><subfield code='b'>48OMNIS_MBP</subfield><subfield code='8'>990003105220207662</subfield></datafield><datafield ind1=' ' ind2=' ' tag='852'><subfield code='b'>48OMNIS_NLOP</subfield><subfield code='8'>991004109589705066</subfield></datafield><datafield ind1=' ' ind2=' ' tag='852'><subfield code='b'>48OMNIS_NETWORK</subfield><subfield code='8'>9910453931305606</subfield></datafield><datafield ind1=' ' ind2=' ' tag='920'><subfield code='a'>978-83-7626-958-0 (oprawa twarda)</subfield></datafield></record>
  </collection>
</resp>
